St. Louis... or Kansas City? - Statistics

General Stats
  • This quiz has been taken 408 times
  • The average score is 11 of 18
Answer Stats
Question Answer % Correct
Is home to the Gateway Arch St. Louis
100%
Is located on the Mississippi River St. Louis
97%
Is home to an NFL team Kansas City
90%
Is home to a Major League Baseball team Both
87%
Is the largest city in Missouri (by city-proper population) Kansas City
85%
Is home to the 1300+ acre Forest Park, which includes a zoo, art museum, and history museum. St. Louis
85%
Its city-proper population has declined by more than half from its peak. St. Louis
79%
Its metro area includes 2 states Both
67%
Is home to the 18th and Vine district and the American Jazz Museum Kansas City
62%
Is home to the flagship campus of the University of Missouri Neither
62%
Is home to the World Chess Hall of Fame St. Louis
56%
Is home to a Major League Soccer team Both
51%
Has a heavy rail subway transit system Neither
44%
Less than 50% of the population is white. St. Louis
44%
Is located in multiple counties Kansas City
36%
Its metro-area population has declined since its peak. Neither
26%
In 2019, its murder rate ranked in the top 10 among large U.S. cities. Both
23%
Has a landmark Union Station through which hundreds of thousands of railroad passengers per year once passed. Both
23%
No matching quizzes found
Score Distribution
Percent of People with Each Score
Percentile by Number Answered
Your Score History
You have not taken this quiz